| 000 | 01416nam0a22003011 4500 | ||
|---|---|---|---|
| 001 | rc\4191291 | ||
| 005 | 20260407084703.0 | ||
| 021 |
_aRU _b[48-7416] |
||
| 035 | _a(NLR Aleph) 008004231 | ||
| 090 |
_a8659255 _c8659255 |
||
| 100 | _a20130415d1947 |||y0rusy50 ca | ||
| 101 | 0 | _arus | |
| 102 | _aRU | ||
| 105 | _aa z ||||| | ||
| 200 | 1 |
_aИзмерительный инструмент _eОбщесоюзные стандарты _e[Сборник _fВсесоюз. ком. стандартов при Совете министров СССР. Науч.-исслед. бюро взаимозаменяемости М-ва станкостроения СССР |
|
| 205 | _aОфиц. изд. | ||
| 210 |
_aМосква] _cСтандартгиз _d1947 |
||
| 215 |
_a172 с. _cчерт. _d29 |
||
| 300 | _aНа обороте тит. л. сост.: инж. М.И. Коченов, инж. М.М. Нестеровский, инж. К.В. Худяков | ||
| 702 | 1 |
_aНестеровский _bМ.М. _gМоисей Михайлович _4220 |
|
| 702 | 1 |
_aХудяков _bК.В. _gКонстантин Васильевич _4220 |
|
| 702 | 1 |
_aКоченов _bМ.И. _gМихаил Иванович _4220 |
|
| 710 | 0 | 1 |
_aСССР _bКомитет стандартов _3RU\NLR\AUTH\8812584 _9297980 |
| 801 | 0 |
_aRU _bNLR _gpsbo |
|
| 801 | 1 |
_aRU _bELAR _2rusmarc |
|
| 852 |
_aNLR _jПт02 Г-8/111 |
||
| 942 | _cBOOK | ||
| 980 | _aNB | ||